| 000 | 01042nam a2200313 i 4500 | ||
|---|---|---|---|
| 001 | 000039623 | ||
| 003 | DO-SdBNP | ||
| 005 | 20240123080704.0 | ||
| 006 | a||||gr|||| 00| 0 | ||
| 007 | ta | ||
| 008 | 130712e1983 dr 000 e spa d | ||
| 040 |
_aDO-SdBNP _bspa _cBNPHU _erda |
||
| 082 | 4 |
_a460.7 _bF363L _222 |
|
| 100 | 1 |
_aFernández, Felix, _d1949- _965797 |
|
| 245 | 1 | 0 |
_aLectura y redacción / _cFelix Fernández. |
| 264 |
_aSantiago de los Caballeros, República Dominicana : _bUniversidad Católica Madre y Maestra, _c1983. |
||
| 300 |
_a246 páginas ; _c21 cm. |
||
| 336 |
_2rdacontent _atexto _btxt |
||
| 337 |
_2rdamedia _asin mediación _bn |
||
| 338 |
_2rdacarrier _avolumen _bnc |
||
| 490 | 1 | _aTextos | |
| 500 | _aIncluye datos biográficos del autor en la contracubierta. | ||
| 504 | _aBibliografía : p. 241-242 | ||
| 590 | _aInventariado, 2024 / MF | ||
| 650 | 4 |
_aEspañol _xEnseñanza _9406 |
|
| 650 | 4 |
_aRedacción _xEjercicios de redacción _91227 |
|
| 910 | _aValidado. Control de calidad EMS | ||
| 942 |
_2ddc _cLBS1 |
||
| 999 |
_c39113 _d39113 |
||